<?xml version="1.0" encoding="UTF-8"?>
<record
    xmlns:xsi="http://www.w3.org/2001/XMLSchema-instance"
    xsi:schemaLocation="http://www.loc.gov/MARC21/slim http://www.loc.gov/standards/marcxml/schema/MARC21slim.xsd"
    xmlns="http://www.loc.gov/MARC21/slim">

  <leader>01837nam a22002177a 4500</leader>
  <datafield tag="952" ind1=" " ind2=" ">
    <subfield code="0">0</subfield>
    <subfield code="1">0</subfield>
    <subfield code="2">lcc</subfield>
    <subfield code="4">0</subfield>
    <subfield code="7">0</subfield>
    <subfield code="a">20</subfield>
    <subfield code="b">20</subfield>
    <subfield code="d">2017-07-13</subfield>
    <subfield code="l">0</subfield>
    <subfield code="o">KGF2560 R43</subfield>
    <subfield code="p">20 003814</subfield>
    <subfield code="r">2017-07-13</subfield>
    <subfield code="t">1, n&#xFA;m. 6</subfield>
    <subfield code="w">2017-07-13</subfield>
    <subfield code="y">LB</subfield>
  </datafield>
  <datafield tag="999" ind1=" " ind2=" ">
    <subfield code="c">102284</subfield>
    <subfield code="d">102284</subfield>
  </datafield>
  <controlfield tag="008">170713b        xxu||||| |||| 00| 0 spa d</controlfield>
  <datafield tag="020" ind1=" " ind2=" ">
    <subfield code="a">9786074685169</subfield>
  </datafield>
  <datafield tag="050" ind1=" " ind2=" ">
    <subfield code="a">KGF2560</subfield>
    <subfield code="b">R43</subfield>
  </datafield>
  <datafield tag="110" ind1=" " ind2=" ">
    <subfield code="a">Instituto de Investigaciones Jurisprudenciales</subfield>
  </datafield>
  <datafield tag="245" ind1=" " ind2=" ">
    <subfield code="a">Recomendaci&#xF3;n 02/2011. Outsourcing, figura contractual que determina la relaci&#xF3;n laboral a trav&#xE9;s de un tercero, para la presentaci&#xF3;n del servicio de limpieza que se otorga al Consejo de la Judicatura Federal y a los &#xF3;rganos jurisdiccionales federales, y su concidencia o no con los principios &#xE9;ticos que se ebservan dentro del Poder Judicial de la Federaci&#xF3;n</subfield>
    <subfield code="c"> / Instituto de Investigaciones Jurisprudenciales</subfield>
  </datafield>
  <datafield tag="260" ind1=" " ind2=" ">
    <subfield code="a">M&#xE9;xico</subfield>
    <subfield code="b"> : Suprema Corte de Justicia de la Naci&#xF3;n</subfield>
    <subfield code="c"> , 2013</subfield>
  </datafield>
  <datafield tag="300" ind1=" " ind2=" ">
    <subfield code="a">xi ; 266 p&#xE1;ginas</subfield>
  </datafield>
  <datafield tag="490" ind1=" " ind2=" ">
    <subfield code="a">Opiniones consultivas de asesor&#xED;as y recomendaciones de la Comisi&#xF3;n Nacional de &#xC9;tica Judicial</subfield>
    <subfield code="v">6</subfield>
  </datafield>
  <datafield tag="504" ind1=" " ind2=" ">
    <subfield code="a">Incluye:
Tabla de contenido
Presentaci&#xF3;n</subfield>
  </datafield>
  <datafield tag="505" ind1=" " ind2=" ">
    <subfield code="a">Oficio que solicita la opini&#xF3;n de la Comisi&#xF3;n y estudio que lo acompa&#xF1;e
Observaciones formalizadas al proyecto preparado por la Secretaria
Recomendaci&#xF3;n 02/2011. Outsourcing, figura contractual que determina la relaci&#xF3;n laboral a trav&#xE9;s de un tercero, para la presentaci&#xF3;n del servicio de limpieza que se otorga al Consejo de la Judicatura Federal y a los &#xF3;rganos jurisdiccionales federales, y su concidencia o no con los principios &#xE9;ticos que se ebservan dentro del Poder Judicial de la Federaci&#xF3;n</subfield>
  </datafield>
  <datafield tag="519" ind1=" " ind2=" ">
    <subfield code="a">Material Complementario / </subfield>
    <subfield code="b">Derecho / </subfield>
    <subfield code="d">(20 003814)</subfield>
  </datafield>
  <datafield tag="650" ind1=" " ind2="0">
    <subfield code="a">OUTSOURCING</subfield>
    <subfield code="x">RELACI&#xD3;N LABORAL</subfield>
  </datafield>
  <datafield tag="650" ind1=" " ind2="0">
    <subfield code="a">CONSEJO DE LA JUDICATURA FEDERAL</subfield>
    <subfield code="x">&#xD3;RGANOS JURISDICCIONALES</subfield>
    <subfield code="x">PRESTACI&#xD3;N DE SERVICIOS</subfield>
  </datafield>
  <datafield tag="942" ind1=" " ind2=" ">
    <subfield code="c">LB</subfield>
    <subfield code="2">lcc</subfield>
  </datafield>
</record>
